Statistics for Every Jim Croce song that hit the Billboard hot 100

Click here to take the quiz!

General Stats

  • This quiz has been taken 79 times
  • The average score is 4 of 10

Answer Stats

Peak Chart PositionYearSong% Correct
11973Bad, Bad Leroy Brown
90%
11973Time In A Bottle
81%
171972Operator (That's Not the Way it Feels)
76%
101973I Got A Name
59%
81972You Don't Mess Around With Jim
52%
91974I'll Have To Say I Love You In A Song
36%
371973One Less Set Of Footsteps
26%
321974Workin' At The Car Wash Blues
10%
641974It Doesn't Have To Be That Way
5%
631976Chain Gang Medley
2%

Score Distribution

Percentile by Number Answered

Percent of People with Each Score

Your Score History

You have not taken this quiz